| Tag |
First Indicator |
Second Indicator |
Subfields |
| LEADER |
00000cam a2200000 a 4500 |
| 001 |
in00001061221 |
| 005 |
20150929104859.0 |
| 008 |
880219s1988 nyu 000 0 eng |
| 010 |
|
|
|a 88004469
|
| 020 |
|
|
|a 0870525077 :
|c $17.95
|
| 035 |
|
|
|a (OCoLC)17549159
|
| 035 |
|
|
|9 AFP9893AM
|
| 040 |
|
|
|a DLC
|c DLC
|d UtOrBLW
|
| 043 |
|
|
|a n-us-hi
|
| 049 |
|
|
|a TXAS [mil]
|
| 050 |
0 |
0 |
|a D767.92
|b .A68 1988
|
| 082 |
0 |
|
|a 940.54/26
|2 19
|
| 100 |
1 |
|
|a Albright, Harry.
|
| 245 |
1 |
0 |
|a Pearl Harbor :
|b Japan's fatal blunder : the true story behind Japan's attack on December 7, 1941 /
|c Harry Albright.
|
| 264 |
|
1 |
|a New York :
|b Hippocrene Books,
|c [1988]
|
| 264 |
|
4 |
|c ©1988
|
| 300 |
|
|
|a 378 pages ;
|c 23 cm.
|
| 336 |
|
|
|a text
|b txt
|2 rdacontent
|
| 337 |
|
|
|a unmediated
|b n
|2 rdamedia
|
| 338 |
|
|
|a volume
|b nc
|2 rdacarrier
|
| 650 |
|
0 |
|a Pearl Harbor (Hawaii), Attack on, 1941.
|
| 999 |
|
|
|a MARS
|
| 999 |
f |
f |
|s f5879666-04f5-332c-8eb8-a97b02e91016
|i ea970093-9924-396e-a24a-22df90e69f11
|t 0
|
| 952 |
f |
f |
|p noncirc
|a Texas A&M University
|b College Station
|c Cushing Memorial Library & Archives
|d Cushing: Ragan Military (Does not check out)
|t 0
|e D767.92 .A68 1988
|h Library of Congress classification
|i unmediated -- volume
|m A14852648337
|
| 998 |
f |
f |
|a D767.92 .A68 1988
|t 0
|l Cushing: Ragan Military (Does not check out)
|